00513nam a2200145Ia 4500008004100000020002100041082001900062100004600081245006700127260000900194300001200203942000700215999001900222952012600241191014s9999 xx 000 0 und d a978-1-4822-50350 a621.00151bAYY aBilal M. Ayyub Richard H. Mc Cuen 920465 0aNumerical Analysis for Engineers: Methods and Applications 2/E c2016 aXIX,431 cBK c531323d531323 00104070aSNSbSNSd2019-10-15eAllied Book Company g11638.08l0o621.00151AYYpSNS0003100r2019-11-07w2019-10-15yBK